[Event "ESP-ch U16"]
[Site "Granada"]
[Date "2009.07.18"]
[Round "7"]
[White "Gallego Martin, Miguel"]
[Black "Colon Garcia, Enrique"]
[Result "1/2-1/2"]
[WhiteElo "1976"]
[BlackElo "2173"]
[PlyCount "133"]
[EventDate "2009.07.14"]
[EventType "swiss"]
[EventRounds "9"]
[EventCountry "ESP"]
[SourceTitle "CBM 131 Extra"]
[Source "ChessBase"]
[SourceDate "2009.09.03"]
[SourceVersion "2"]
[SourceVersionDate "2009.09.16"]
[SourceQuality "1"]

1. Nf3 Nf6 2. c4 e6 3. Nc3 c5 4. e3 Be7 5. d4 d5 6. Bd3 0-0 7. 0-0 Nc6 8. a3 cxd4 9. exd4 dxc4 10. Bxc4 b6 11. Qd3 Bb7 12. Rd1 Rc8 13. Bg5 Nd5 14. Bd2 Na5 15. Ba2 Nxc3 16. Bxc3 Bd5 17. b4 Bxa2 18. Rxa2 Qd5 19. Re2 Nc4 20. a4 Bf6 21. Ne5 Rfd8 22. Nxc4 Qxc4 23. Re3 Bxd4 24. Qxc4 Rxc4 25. Red3 e5 26. Bxd4 exd4 27. Rb3 Kf8 28. Kf1 Ke7 29. Ke2 Rc2+ 30. Rd2 Rxd2+ 31. Kxd2 Ke6 32. Rh3 h6 33. g4 Rc8 34. a5 Rc4 35. axb6 axb6 36. Rb3 b5 37. Kd3 Kd5 38. Ra3 Rxb4 39. Ra7 Rb3+ 40. Ke2 Rb2+ 41. Kf3 Rb3+ 42. Ke2 Kc4 43. Rxf7 Rb2+ 44. Kf3 d3 45. Rxg7 Kc3 46. Ke3 Re2+ 47. Kf3 Re6 48. Rc7+ Kb3 49. Rd7 Kc2 50. Rc7+ Kd1 51. Rb7 d2 52. Rxb5 Ke1 53. Rb1+ d1Q+ 54. Rxd1+ Kxd1 55. h4 Kd2 56. g5 hxg5 57. hxg5 Kd3 58. Kf4 Kd4 59. Kf5 Kd5 60. g6 Re1 61. g7 Rg1 62. Kf6 Rg2 63. Kf7 Rxf2+ 64. Ke8 Rg2 65. Kf8 Rf2+ 66. Ke8 Re2+ 67. Kf8 1/2-1/2

[Event "ESP-ch U16"]
[Site "Granada"]
[Date "2009.07.17"]
[Round "6"]
[White "Suarez Uriel, Adrian"]
[Black "Gallego Martin, Miguel"]
[Result "0-1"]
[WhiteElo "2119"]
[BlackElo "1976"]
[PlyCount "74"]
[EventDate "2009.07.14"]
[EventType "swiss"]
[EventRounds "9"]
[EventCountry "ESP"]
[SourceTitle "CBM 131 Extra"]
[Source "ChessBase"]
[SourceDate "2009.09.03"]
[SourceVersion "2"]
[SourceVersionDate "2009.09.16"]
[SourceQuality "1"]

1. e4 c5 2. Nf3 e6 3. d4 cxd4 4. Nxd4 Nf6 5. Nc3 Nc6 6. Ndb5 d6 7. Bf4 e5 8. Nd5 Nxd5 9. exd5 exf4 10. dxc6 bxc6 11. Qf3 d5 12. 0-0-0 Be7 13. Nd4 Qb6 14. Qb3 Bd7 15. c4 Qxb3 16. Nxb3 Be6 17. Nd4 Bc5 18. Nxc6 dxc4 19. Nd4 Rc8 20. Kb1 Rd8 21. Nxe6 Rxd1+ 22. Kc2 Rxf1 23. Nxg7+ Kf8 24. Rxf1 Kxg7 25. Kc3 Rc8 26. f3 Be3 27. Rd1 Rc5 28. g4 fxg3 29. hxg3 Rf5 30. Rf1 Ra5 31. a3 Rb5 32. g4 Rb3+ 33. Kxc4 Rxb2 34. a4 Rf2 35. Rxf2 Bxf2 36. Kd5 Kg6 37. f4 f5 0-1

[Event "ESP-ch U16"]
[Site "Granada"]
[Date "2009.07.14"]
[Round "2"]
[White "Gallego Martin, Miguel"]
[Black "Forcen Esteban, Daniel"]
[Result "0-1"]
[WhiteElo "1976"]
[BlackElo "2308"]
[PlyCount "80"]
[EventDate "2009.07.14"]
[EventType "swiss"]
[EventRounds "9"]
[EventCountry "ESP"]
[SourceTitle "CBM 131 Extra"]
[Source "ChessBase"]
[SourceDate "2009.09.03"]
[SourceVersion "2"]
[SourceVersionDate "2009.09.16"]
[SourceQuality "1"]

1. d4 Nf6 2. Bg5 c5 3. Bxf6 gxf6 4. d5 Qb6 5. Qc1 f5 6. c4 d6 7. Nc3 Bg7 8. e3 Nd7 9. f4 Nf6 10. Bd3 Qa5 11. Nge2 Bd7 12. 0-0 a6 13. a4 e6 14. Qc2 0-0-0 15. dxe6 fxe6 16. e4 fxe4 17. Nxe4 Nxe4 18. Bxe4 Kb8 19. Rfd1 Bc8 20. Ra3 h5 21. Rad3 Qc7 22. R1d2 Bf8 23. Qd1 Qf7 24. Rb3 Ka7 25. a5 Be7 26. Rb6 Rd7 27. Qb3 Bd8 28. Rbxd6 Rxd6 29. Rxd6 Bxa5 30. Qd3 Qf6 31. Qc2 Bc7 32. Rd3 e5 33. f5 Bxf5 34. Rf3 Bxe4 35. Qxe4 Qb6 36. Rf7 Bb8 37. Qc2 Qe6 38. Rf5 e4 39. Rd5 Rf8 40. Rxh5 Qf7 0-1

[Event "ESP-ch U16"]
[Site "Padron"]
[Date "2008.07.24"]
[Round "8"]
[White "Gallego Martin, Miguel"]
[Black "Gomez Dominguez, Xabier"]
[Result "0-1"]
[WhiteElo "1848"]
[BlackElo "1977"]
[PlyCount "54"]
[EventDate "2008.07.20"]
[EventType "swiss"]
[EventRounds "9"]
[EventCountry "ESP"]
[SourceTitle "EXT 2010"]
[Source "ChessBase"]
[SourceDate "2010.11.25"]
[SourceVersion "1"]
[SourceVersionDate "2010.11.25"]
[SourceQuality "1"]

1. d4 Nf6 2. Bg5 c5 3. d5 Qb6 4. Nc3 Qxb2 5. Bd2 Qb6 6. Rb1 Qc7 7. e4 d6 8. f4 Nbd7 9. Nf3 g6 10. Bc4 Bg7 11. Qe2 0-0 12. a4 Nb6 13. Ba2 e5 14. fxe5 dxe5 15. 0-0 Bd7 16. d6 Qxd6 17. a5 Nc8 18. Rxb7 Qc6 19. Rfb1 Nb6 20. a6 Qd6 21. Nb5 Bxb5 22. Rxb5 Nfd7 23. Be3 Rfc8 24. Ng5 c4 25. Nxf7 Qc6 26. Nh6+ Bxh6 27. Bxh6 Qxb5 0-1

[Event "ESP-ch U16"]
[Site "Padron"]
[Date "2008.07.23"]
[Round "6"]
[White "Gallego Martin, Miguel"]
[Black "Alshameary Puente, Ismael"]
[Result "1/2-1/2"]
[WhiteElo "1848"]
[BlackElo "1951"]
[PlyCount "58"]
[EventDate "2008.07.20"]
[EventType "swiss"]
[EventRounds "9"]
[EventCountry "ESP"]
[SourceTitle "EXT 2010"]
[Source "ChessBase"]
[SourceDate "2010.11.25"]
[SourceVersion "1"]
[SourceVersionDate "2010.11.25"]
[SourceQuality "1"]

1. d4 d5 2. c4 c6 3. Nf3 Nf6 4. Nc3 a6 5. a4 e6 6. e3 Nbd7 7. Bd3 dxc4 8. Bxc4 c5 9. 0-0 Qc7 10. Qe2 Bd6 11. Rd1 0-0 12. h3 cxd4 13. exd4 Re8 14. a5 e5 15. dxe5 Nxe5 16. Nxe5 Bxe5 17. Be3 Bf5 18. Nd5 Nxd5 19. Bxd5 Bf4 20. Bxf4 Qxf4 21. Qf3 Qxf3 22. Bxf3 Be4 23. Bxe4 Rxe4 24. Rd6 Rb4 25. Rb6 Rxb6 26. axb6 Kf8 27. Rc1 Re8 28. Rc7 Re7 29. Rc8+ Re8 1/2-1/2

[Event "ESP-ch U16"]
[Site "Padron"]
[Date "2008.07.20"]
[Round "2"]
[White "Gallego Martin, Miguel"]
[Black "Bardera Gil, Sergi"]
[Result "0-1"]
[WhiteElo "1848"]
[BlackElo "2101"]
[PlyCount "62"]
[EventDate "2008.07.20"]
[EventType "swiss"]
[EventRounds "9"]
[EventCountry "ESP"]
[SourceTitle "EXT 2010"]
[Source "ChessBase"]
[SourceDate "2010.11.25"]
[SourceVersion "1"]
[SourceVersionDate "2010.11.25"]
[SourceQuality "1"]

1. d4 d5 2. c4 c6 3. Nf3 Nf6 4. Nc3 e6 5. e3 Nbd7 6. Bd3 dxc4 7. Bxc4 b5 8. Be2 Bb7 9. 0-0 b4 10. Na4 Bd6 11. Qc2 Qa5 12. Bd2 Qd5 13. Rac1 Qh5 14. Nc5 Nxc5 15. dxc5 Bxh2+ 16. Nxh2 Qxe2 17. Bxb4 Qh5 18. Qd1 Qh4 19. Ba5 0-0 20. Nf3 Qh5 21. Nd4 Ng4 22. Nf3 e5 23. e4 f5 24. Qd2 h6 25. g3 fxe4 26. Nh4 g5 27. f3 exf3 28. Nxf3 Ba6 29. Qc2 Bxf1 30. Rxf1 Qh3 31. Be1 Qxf1+ 0-1